00570 a2200169 45000010006000000050017000060080041000230030015000640400040000790800099001192450027002182500011002452640034002563000018002905050064003081000028003722963820260407155606.0260407a1972 arg spa dAR-UNSa-BCEJYS aAR-UNSa-BCEJYSbspacAR-UNSa-BCEJYS a657.36xBalances de comprobación (balance estimativo). Balances de saldo. Balance intermedio10aAnálisis del balance a2a. ed 1aBuenos Aires :bDepalmac1972 a91 p.c25 cm. aAnálisis individual y análisis comparativo de balances 1 aBarros Garcés, Raúl